000 01739cam a22004934i 4500
003 PE-LiUPU
005 20250731165645.0
008 150616s1987 gw r 000 0 eng d
020 _a0899254381
035 _a(Sirsi) i9780899254388
040 _aPE-LiUPU
_bspa
_cPE-LiUPU
_erda
049 _aPRUA
082 0 4 _a225.4803
_bI59
_221
110 2 _aInstitute for New Testament Textual Research
245 1 0 _aConcordance to the Novum Testamentum Graece /
_cInstitute for New Testament Textual Research.
264 1 _aBerlín :
_bLüderitz Bauer,
_c1987.
300 _a1963 páginas ;
_c28 centímetros
336 _atext
_2rdacontent
337 _aunmediated
_2rdamedia
338 _avolume
_2rdacarrier
505 0 _aPreface -- Directions for use -- Concordance -- Appendix.
526 _aSEG44
526 _aSEG26
526 _aP151
526 _aP150
526 _aP149
526 _aP146
526 _aP145
526 _aP126
526 _aP125
526 _aP92
526 _aP75
526 _aP74
526 _aP27
526 _aP15
630 _aBiblia.
_pN.T.
_vConcordancias.
910 _ajck
_bjvq
_cjck
942 _2ddc
_cBOOK
949 _aRC 225.4803 I59
_wDEWEY
_c1
_i41420
_lCCODEBUL1
_mBUL
_r0
_sY
_tBOOK
_u2015-6-16
_xTEOLOGIA
_zUNKNOWN
_0COMPRA
_o.CIRCNOTE. No olvidar cambiar la fecha de devolución!!!!!!!
_o.STAFF. Colección General
994 _aC0
_bPEPRU
596 _a1
999 _aRC 225.4803 I59
_wDEWEY
_c59088
_i41420
_d59088
_f2021-11-8
_g6
_lCCODEBUL1
_mBUL
_p82.50
_q1
_r0
_sY
_tBOOK
_u2015-6-16
_xTEOLOGIA
_PP35
_0COMPRA
_o.CIRCNOTE. No olvidar cambiar la fecha de devolución!!!!!!!
_o.STAFF. Colección Teología
980 _81
_gALBERTO SANCHEZ Responsable de Automatización